Entry Personal Name
Number of records used in: 1
001 - CONTROL NUMBER
003 - CONTROL NUMBER IDENTIFIER
005 - DATE AND TIME OF LATEST TRANSACTION
- control field:
20230904112827.0
008 - FIXED-LENGTH DATA ELEMENTS
- fixed length control field:
800423n| azannaabn |a aaa
010 ## - LIBRARY OF CONGRESS CONTROL NUMBER
- LC control number:
n 80044658
035 ## - SYSTEM CONTROL NUMBER
- System control number:
(OCoLC)oca00426655
040 ## - CATALOGING SOURCE
- Original cataloging agency:
DLC
- Language of cataloging:
eng
- Transcribing agency:
DLC
- Modifying agency:
DLC
- Modifying agency:
OCoLC
- Modifying agency:
DLC
- Modifying agency:
IEN
- Modifying agency:
DLC
- Description conventions:
rda
046 ## - SPECIAL CODED DATES
100 1# - HEADING--PERSONAL NAME
- Personal name:
Gwartney, James D.
400 1# - SEE FROM TRACING--PERSONAL NAME
- Personal name:
Jwārtnī, Jayms
400 1# - SEE FROM TRACING--PERSONAL NAME
- Personal name:
Gṿarṭni, G'aims D.
400 1# - SEE FROM TRACING--PERSONAL NAME
- Control subfield:
nnea
- Personal name:
Gwartney, James A.
670 ## - SOURCE DATA FOUND
- Source citation:
His Economics, private and public choice, 1976.
670 ## - SOURCE DATA FOUND
- Source citation:
Economic freedom of the world, 1975-1995, c1996:
- Information found:
t.p. (James Gwartney) Can CIP (hdg.: Gwartney, James D.)
670 ## - SOURCE DATA FOUND
- Source citation:
Info. converted from 678, 2012-10-02
- Information found:
(b. 9/28/40)
670 ## - SOURCE DATA FOUND
- Source citation:
OCLC, July 22, 2003
- Information found:
(hdgs.: Gwartney, James D.; Gwartney, James David, 1940- ; Gwartney, James D. (James David), 1940- ; usage: James D. Gwartney, James Gwartney, Jayms Jwārtnī, G'aims D. Gṿarṭni)
670 ## - SOURCE DATA FOUND
- Source citation:
Common sense economics, 2005:
- Information found:
CIP t.p. (James D. Gwartny) pub. info. (directs the Stavros Center for the Advancement of Free Enterprise and Economic Education, Florida State U.; served as chief economist for the Joint Economic Committee of Congress)
670 ## - SOURCE DATA FOUND
- Source citation:
Microeconomics : private and public choice, 2015:
- Information found:
t.p. (James A. Gwartney, Florida State University)
670 ## - SOURCE DATA FOUND
- Source citation:
Author's reply to LC query, Oct. 10, 2014
- Information found:
(James A. Gwartney is a typo. The correct author's name is James D. Gwartney)